000 005030000a22001810004500
003 MACL
005 20151213123141.0
008 151213b xxu||||| |||| 00| 0 eng d
040 _aMACL
_cMACL
041 _aHindi
082 _a741.642
100 _aसुभाषिनी कपूर
_920187
245 _aबाल घर
260 _bआदित्‍य बुक सर्विस
_c2011
350 _a325
650 _aचिल्‍डन बुक
_9314
942 _cHIN
_k741.642
_2ddc
999 _c48802
_d48802